000 00321pam a2200133 a 4500
020 _c
041 _h
082 _a750
_bHAM
100 _aHamilton .
245 _aPainting and Sculpture In Europe 180-1980
_hTextual Documents
260 _a[s.l]:
_bPenguin Books Ltd,
_c1967.
300 _a621:
_bpaper.
930 _a6383
999 _c240173
_d240173